Normal view
MARC view
Entry Topical Term
001 - CONTROL NUMBER
- control field: 755030
003 - CONTROL NUMBER IDENTIFIER
- control field: OSt
005 - DATE AND TIME OF LATEST TRANSACTION
- control field: 20250507130207.0
008 - FIXED-LENGTH DATA ELEMENTS
- fixed length control field: 250507|| aca||aabn | a|a d
040 ## - CATALOGING SOURCE
- Original cataloging agency: OSt
- Transcribing agency: OSt
150 ## - HEADING--TOPICAL TERM
- Topical term or geographic name entry element: Social Science; Taiwan
670 ## - SOURCE DATA FOUND
- Source citation: Work cat.: (OSt)1318242: Kuan Teresa 668736, Hert says one thing but the another "; Story about emotion - work ,Ambivalence and popular advice for parents, 2011
